| 000 | 00655nmc a2200241 a 4500 | ||
|---|---|---|---|
| 003 | AR-BaBNM | ||
| 005 | 20251128203610.0 | ||
| 008 | 196119s1941 ||||||||||||||000 | spa|| | ||
| 040 | _cAR-BaBNM | ||
| 100 | 1 |
_aPalacio Valdés, Armando _d1853-1938 |
|
| 245 | 1 | 0 |
_aLa novela de un novelista _bescenas de la infancia de la infancia y adolescencia |
| 250 | _a2ª ed. | ||
| 260 |
_aBuenos Aires _bLosada _c1941 |
||
| 300 | 0 | _a276 p. | |
| 490 | 0 |
_aBiblioteca contemporánea _vv. 45 |
|
| 650 | 4 | _aLITERATURA ESPANOLA | |
| 650 | 4 | _aPROSA | |
| 650 | 4 | _aFILOSOFIA LITERARIA | |
| 650 | 4 | _aNOVELAS | |
| 655 | _aLITERATURA | ||
| 942 | _cBK | ||
| 998 | _cMARTIN | ||
| 999 |
_c4088 _d4088 |
||